| 000 | 00711nam a2200253Ia 4500 | ||
|---|---|---|---|
| 003 | OSt | ||
| 005 | 20220928102141.0 | ||
| 006 | a|||||r|||| 00| 0 | ||
| 007 | ta | ||
| 008 | 220927b |||||||| |||| 00| 0 ger d | ||
| 020 | _c250 | ||
| 024 | _a116813 | ||
| 037 |
_b13348, 11/09/2012, Kitab Ghar _cTextual |
||
| 040 |
_aSDCL _cSDCL _bger |
||
| 041 |
_2ger _ager |
||
| 082 | _aO152,6N573x, Q2 | ||
| 100 |
_aKastwar Rekha _9396827 |
||
| 245 | 0 | _aApne hone ka arth. | |
| 260 |
_aNew Delhi _bSamayik Prakashan _c2012 |
||
| 300 |
_a144p _ccm. |
||
| 650 |
_aHindi _9391598 |
||
| 942 |
_hO152,6N573x, Q2 _cTEXL _2CC |
||
| 999 |
_c712589 _d712589 |
||